Statistics for NBA 2018-19 Top Scorers By Draft Number

Click here to take the quiz!

General Stats

  • This quiz has been taken 34 times
  • The average score is 28 of 56

Answer Stats

Draft NumberPlayerTeamPPG% Correct
3James HardenRockets36.1
97%
2Kevin DurantWarriors26.0
93%
1LeBron JamesLakers27.4
93%
10Paul GeorgeThunder28.0
93%
7Stephen CurryWarriors27.3
93%
6Damian LillardTrail Blazers25.8
90%
13Devin BookerSuns26.6
90%
4Russell WestbrookThunder22.9
90%
5Trae YoungHawks19.1
90%
11Klay ThompsonWarriors21.5
86%
15Giannis AntetokounmpoBucks27.7
83%
9Kemba WalkerHornets25.6
83%
27Kyle KuzmaLakers18.7
76%
8Collin SextonCavaliers16.7
72%
30Jimmy Butler76ers18.7
72%
17Jrue HolidayPelicans21.2
72%
16Nikola VucevicMagic20.8
72%
18Eric BledsoeBucks15.9
69%
33Joe HarrisNets13.7
69%
39Khris MiddletonBucks18.3
69%
19Tobias Harris76ers20.0
69%
25Clint CapelaRockets16.6
59%
45Lou WilliamsClippers20.0
59%
36Malcolm BrogdonBucks15.6
59%
41Nikola JokicNuggets20.1
55%
20Evan FournierMagic15.1
52%
14T.J. WarrenSuns18.0
52%
31Bojan BogdanovicPacers18.0
48%
56Amir Johnson76ers3.9
45%
29Derrick WhiteSpurs9.9
45%
12Jeremy LambHornets15.3
45%
38Spencer DinwiddieNets16.8
41%
46Jordan ClarksonCavaliers16.8
38%
32Montrezl HarrellClippers16.6
38%
42Thomas BryantWizards10.5
38%
24Tim Hardaway Jr.Mavericks18.1
38%
21Darren CollisonPacers11.2
34%
40Josh RichardsonHeat16.6
31%
23Nikola MiroticBucks15.2
31%
47Paul MillsapNuggets12.6
31%
55E'Twaun MoorePelicans11.9
28%
34Jae CrowderJazz11.9
28%
48Marc GasolRaptors13.6
28%
51Monte MorrisNuggets10.4
24%
26Taj GibsonTimberwolves10.8
24%
22Bobby PortisWizards14.2
21%
35DeAndre JordanKnicks11.0
21%
57Marcin Gortat-5.0
14%
43Trevor ArizaWizards12.5
14%
49Kyle O'QuinnPacers3.5
10%
28Wayne EllingtonPistons10.3
10%
58Abdel NaderThunder4.0
7%
44Damyean DotsonKnicks10.7
7%
60Tyrone WallaceClippers3.5
7%
50James Ennis III76ers6.7
3%
37Richaun HolmesSuns8.2
3%

Score Distribution

Percentile by Number Answered

Percent of People with Each Score

Your Score History

You have not taken this quiz